Tạp chí Nghiên cứu Tài chính Kế toán
Sparad:
| Huvudupphovsman: | |
|---|---|
| Materialtyp: | Bok |
| Språk: | Undetermined |
| Publicerad: |
Hà Nội
|
| Ämnen: | |
| Länkar: | http://lrc.tdmu.edu.vn/opac/search/detail.asp?aID=2&ID=6884 |
| Taggar: |
Lägg till en tagg
Inga taggar, Lägg till första taggen!
|
| Thư viện lưu trữ: | Trung tâm Học liệu Trường Đại học Thủ Dầu Một |
|---|
| LEADER | 00621nam a2200157Ia 4500 | ||
|---|---|---|---|
| 001 | TDMU_6884 | ||
| 008 | 210410s9999 xx 000 0 und d | ||
| 082 | |a NULL | ||
| 100 | |a Bộ Tài chính | ||
| 245 | 0 | |a Tạp chí Nghiên cứu Tài chính Kế toán | |
| 245 | 0 | |c Bộ Tài chính. Học viện Tài chính | |
| 260 | |a Hà Nội | ||
| 300 | |a 76tr | ||
| 650 | |a Tạp chí Nghiên cứu Tài chính Kế toán ; Tạp chí Chuyên ngành | ||
| 856 | |u http://lrc.tdmu.edu.vn/opac/search/detail.asp?aID=2&ID=6884 | ||
| 980 | |a Trung tâm Học liệu Trường Đại học Thủ Dầu Một | ||